00534pam a2200157 a 4500020003500000082003200035100001700067245010600084260004700190300003500237526003700272650000900309650001900318700002000337700001900357 a0077079620 (pbk. : alk. paper)00a658.403811bCROcN-01, P-411 aCrowe, M. K.10aConstructing systems and information :ba process view /cMalcolm Crowe, Richard Beeby, John Gammack. aLondon ;aNew York :bMcGraw Hill,cc1996. axiii, 261 p. :bill. ;c25 cm. a0b0c0d658_403811000000000_CRO 0aNUST 0aSystem design.1 aBeeby, Richard.1 aGammack, John,